La cultura y los medios de comunicación

Tallennettuna:
Bibliografiset tiedot
Yhteisötekijä: Vicerrectoría de Comunicaciones (Tekijä)
Aineistotyyppi: Kirja
Kieli:espanja
Julkaistu: Santiago Pontificia Universidad Católica de Chile 1980
Aiheet:
Tagit: Lisää tagi
Ei tageja, Lisää ensimmäinen tagi!

MARC

LEADER 00000nam a2200000 a 4500
001 UCY6339
003 CL-VaPUC
005 20220315074412.0
008 950526e19800000cl 1 spa d
082 0 4 |a 306  |b VIC  |2 21 
110 2 |a Vicerrectoría de Comunicaciones  |e author  |9 617208 
245 1 3 |a La cultura y los medios de comunicación 
260 |a Santiago  |b Pontificia Universidad Católica de Chile  |c 1980 
300 |a 89 p 
583 |a last modification  |c 19950526 00:00:00  |k Rodrigo Vera 
650 0 0 |a Cultura  |9 269059 
650 0 0 |a Medios de comunicación  |9 257206 
650 0 0 |a Comunicación   |9 257251 
650 0 0 |a Medios de comunicación de masas  |9 257273 
650 0 0 |a Sociedad  |9 307903 
650 0 0 |a Congresos  |9 257560 
651 7 |a CHILE  |2 CL-VaPUC  |9 617209 
942 |c BK 
945 |a mfernand  |d 19950526 00:00:00 
546 |a En Español 
536 |a Consejo de Rectores de Universidades Chilenas 
518 |p Jornadas Nacionales Universitarias de Cultura, 5, Santiago, 3-5 agosto 1980 
999 |c 382375  |d 382373 
952 |0 0  |1 0  |4 0  |6 306_000000000000000_VIC_1980  |7 0  |8 P  |9 504036  |a BIBEDU  |b BIBEDU  |c BIBEDU_PB  |d 2020-01-23  |i 1500619  |o 306 VIC 1980  |p 1500619  |r 2024-01-25  |w 2020-01-23  |y BK  |k EDU 
952 |0 0  |1 0  |4 0  |6 306_000000000000000_VIC_1980  |7 0  |8 P  |9 504037  |a BIBEDU  |b BIBEDU  |c BIBEDU_PB  |d 2020-01-23  |i 1569724  |o 306 VIC 1980  |p 1569724  |r 2024-01-25  |w 2020-01-23  |y BK  |k FIL 
952 |0 0  |1 0  |4 0  |6 306_000000000000000_VIC_1980  |7 0  |8 P  |9 504038  |a BIBEDU  |b BIBEDU  |c BIBEDU_PB  |d 2020-01-23  |i 3159914  |o 306 VIC 1980  |p 3159914  |r 2024-01-25  |w 2020-01-23  |y BK  |k LIT 
952 |0 0  |1 0  |4 0  |6 306_000000000000000_VIC_1980  |7 0  |8 P  |9 504039  |a BIBEDU  |b BIBEDU  |c BIBEDU_PB  |d 2020-01-23  |i 1630733  |o 306 VIC 1980  |p 1630733  |r 2024-01-25  |w 2020-01-23  |y BK  |k EDU